| 000 | 00821cam a2200241 4500 | ||
|---|---|---|---|
| 001 | B2332 | ||
| 008 | 090401t1988 xxu||||| |||| 00| 0 eng d | ||
| 035 | _a(Sirsi) u49383 | ||
| 041 | _aeng | ||
| 050 | _a658.202 | ||
| 110 |
_aInternational Council for Building Research Studies and Documentation _91423 |
||
| 245 | _aWhole-life property asset management : proceedings of CIB Working Commission W70 on maintenance and modernisation, Edinburgh ... 7 - 9 September 1988 | ||
| 260 |
_aEdinburgh _bHeriot-Watt University _c1988 |
||
| 300 | _a381p. ; 30cm. | ||
| 350 | _a10.95 | ||
| 650 | _aCOMPUTERS | ||
| 650 | _aCONDITION SURVEYS | ||
| 650 | _aLIFE CYCLE COSTING | ||
| 650 | _aBUILT ENVIRONMENT-BUILDING MAINTENANCE AND REFURBISHMENT | ||
| 700 |
_aThen, Danny S.S. _xEditor |
||
| 942 | _n0 | ||
| 948 | _c04/03/1997 | ||
| 999 |
_c92558 _d92558 |
||